000 00501cam a2200181ua 4500
001 1420
008 140212n ii |||gr||||Z||||||eng
040 _cMAIN
082 _a519.5
100 _aGhose, Surendranath,
_eAuthor.
245 _aSnatak Banijik ganit aru parisankhya bigyan
_cby Surendranath Ghose
250 _a2nd.
260 _aGuahati:
_bStudents stores,992.
300 _avii; 432p:
_c23cm.
653 _aProbabilities & applied mathematics
653 _aBusiness economics
942 _cBK
999 _c1311
_d1311